000 00251nam a22001217a 4500
008 170216b xxu||||| |||| 00| 0 eng d
041 _aeng
080 _a61
100 _a4
101 _aSHM
245 _aVIROLOGY
_cSTRINGFELLOW, D.A
942 _2udc
_cBK
999 _c5665
_d5665